Návrh nového územného usporiadania SR: obce - župy - okresy
Po nadobudnutí slovenskej štátnosti vznikla potreba vytvoriť nové transformácieschopné spoločensko-kultúrne, technicko-ekonomické, politické i územnosprávne štruktúry. V návrhu na nové územné usporiadanie SR sú uplatnené prírodno-ekologické, ekonomické, geografické a urbanistické, územno-technické,...
Gespeichert in:
| 1. Verfasser: | |
|---|---|
| Format: | Buchkapitel |
| Sprache: | Slowakisch |
| Schlagworte: | |
| Tags: |
Keine Tags, Fügen Sie das erste Tag hinzu!
|
MARC
| LEADER | 00000naa a2200000 4500 | ||
|---|---|---|---|
| 001 | r020276 | ||
| 005 | 20221205103022.3 | ||
| 041 | 0 | |a slo | |
| 044 | |a SK | ||
| 245 | 1 | 0 | |a Návrh nového územného usporiadania SR: obce - župy - okresy |c D. Sokol |
| 520 | |a Po nadobudnutí slovenskej štátnosti vznikla potreba vytvoriť nové transformácieschopné spoločensko-kultúrne, technicko-ekonomické, politické i územnosprávne štruktúry. V návrhu na nové územné usporiadanie SR sú uplatnené prírodno-ekologické, ekonomické, geografické a urbanistické, územno-technické, historické faktory a kritériá. | ||
| 610 | 2 | 0 | |a usporiadanie krajiny |
| 610 | 2 | 0 | |a Slovensko |
| 610 | 2 | 0 | |a okresy |
| 610 | 2 | 0 | |a kraje |
| 610 | 2 | 0 | |a regióny |
| 610 | 2 | 0 | |a regióny |
| 610 | 2 | 0 | |a história |
| 100 | 1 | |a Sokol, D. | |